Presidentes de Colombia / (Registro nro. 30400)

Detalles MARC
000 -LEADER
fixed length control field 00825nam a2200241Ia 4500
003 - CONTROL NUMBER IDENTIFIER
control field CO-CtgCURN
005 - DATE AND TIME OF LATEST TRANSACTION
control field 20250410183427.0
008 - FIXED-LENGTH DATA ELEMENTS--GENERAL INFORMATION
fixed length control field 190726s2003 xx g 000 0 spa d
020 ## - INTERNATIONAL STANDARD BOOK NUMBER
International Standard Book Number 9583005320
040 ## - CATALOGING SOURCE
Original cataloging agency CO-CtgCURN
Language of cataloging spa
Transcribing agency coctgcurn
082 ## - DEWEY DECIMAL CLASSIFICATION NUMBER
Classification number 923.1
Item number P723
100 ## - MAIN ENTRY--PERSONAL NAME
Personal name Plazas Vega, Luis Alfonso
Dates associated with a name 1944-
9 (RLIN) 1396
245 #0 - TITLE STATEMENT
Title Presidentes de Colombia /
Statement of responsibility, etc. Luis Alfonso Plazas Vega
250 ## - EDITION STATEMENT
Edition statement 2 edición
260 ## - PUBLICATION, DISTRIBUTION, ETC.
Place of publication, distribution, etc. Bogotá, Colombia :
Name of publisher, distributor, etc. Panamericana Editorial,
Date of publication, distribution, etc. 2003
300 ## - PHYSICAL DESCRIPTION
Extent 468 páginas ;
Dimensions 23 centímetros
521 ## - TARGET AUDIENCE NOTE
Target audience note AREA BASICA
590 ## - LOCAL NOTE (RLIN)
Local note Todos los programas acádemicos
600 ## - SUBJECT ADDED ENTRY--PERSONAL NAME
Personal name Plazas Vega, Luis Alfonso
Dates associated with a name 1944-
General subdivision Militar
9 (RLIN) 1397
650 ## - SUBJECT ADDED ENTRY--TOPICAL TERM
Topical term or geographic name entry element Biografías
9 (RLIN) 1398
942 ## - ADDED ENTRY ELEMENTS (KOHA)
Koha item type Libros
Classification part 923.1
Item part P723
Source of classification or shelving scheme Dewey Decimal Classification
Suppress in OPAC No
Existencias
Withdrawn status Lost status Source of classification or shelving scheme Damaged status Not for loan Collection Home library Current library Shelving location Date acquired Inventory number Total checkouts Full call number Barcode Date last seen Copy number Price effective from Koha item type
    Dewey Decimal Classification       Miguel Henríquez Castañeda Barranquilla Miguel Henríquez Castañeda Barranquilla General 05/23/2018 02935   923.1 P723 02935 07/26/2019 ej.1 07/26/2019 Libros